Football groups of things - Statistics

General Stats
  • This quiz has been taken 53 times
  • The average score is 22 of 67
Answer Stats
Hint Answer % Correct
NFL teams that start with B Broncos
93%
NFL teams that start with B Bills
91%
NFL teams that start with B Buccaneers
91%
Mannings Peyton
89%
NFL teams that start with B Bears
84%
NFL teams that start with B Bengals
84%
Mannings Eli
84%
NFL teams that start with B Browns
80%
Mannings Archie
73%
3 broncos who were dominate together John Elway
73%
3 cowboys who were dominate together Troy Aikman
70%
Hall of Famer Sanders Barry
64%
Saints current rbs Alvin Kamara
61%
3 cowboys who were dominate together Emmitt Smith
61%
College Football Conferences Sec
61%
College Football Conferences ACC
59%
College Football Conferences Big12
59%
Hall of Famer Sanders Deion
57%
Hall of Famers with last names Green or Greene Mean Joe
57%
3 cowboys who were dominate together Michael Irvin
57%
College Football Conferences Big Ten
48%
3 broncos who were dominate together Terrell Davis
48%
Players with nicknames that are superheroes Cam Newton
45%
Lts Lawrence Taylor
43%
Saints current rbs Mark Ingram
43%
Scrambling qbs Michael vick
43%
3 broncos who were dominate together Shannon Sharpe
36%
Lts Ladanian tomlinson
30%
Fullers Kyle
27%
Scrambling qbs Steve young
25%
College Football Conferences Big East
20%
Dynamic Duo David Wilson
20%
College Football Conferences Mountain West
20%
College Football Conferences Sunbelt
20%
College Football Conferences Big Sky
18%
Current Eagles rbs Darren Sproles
18%
Hall of Famers with last names Green or Greene Kevin
18%
Current Eagles rbs Jay Ajayi
16%
The Untouchables Kevin Jones
16%
College Football Conferences Pacific
16%
College Football Conferences American Athletic
14%
Current Eagles rbs Boston Scott
14%
Hall of Famers with last names Green or Greene Darrell
14%
Fullers Kendall
14%
Dynamic Duo Ryan Williams
14%
College Football Conferences Big South
11%
Scrambling qbs Fran tarkenton
11%
College Football Conferences Mid American
9%
College Football Conferences USA
9%
Hall of Famer Sanders Charlie
7%
Fullers Corey
7%
Current Eagles rbs Josh Adams
7%
College Football Conferences Missouri Valley
7%
College Football Conferences Patriot
7%
College Football Conferences Southern
7%
Fullers Vince
7%
College Football Conferences Western athletic
7%
College Football Conferences Big West
5%
College Football Conferences Colonial Athletic
5%
The Untouchables Lee Suggs
5%
Players with nicknames that are superheroes Luke Kuechly
5%
College Football Conferences Ohio Valley
5%
College Football Conferences Southland
5%
College Football Conferences Southwestern Athletic
5%
Players with nicknames that are superheroes Eddie Lacy
2%
College Football Conferences Fbs
2%
Current Eagles rbs Wendell Smallwood
2%
No matching quizzes found
Score Distribution
Percent of People with Each Score
Percentile by Number Answered
Your Score History
You have not taken this quiz